000 01106nam a22003257a 4500
001 0053173
003 KOHA_MİRAKIL
005 20260207003909.0
007 ta
008 150629b2013 tu a|||gr||||#||||0|tur |
020 _a9789944757775
_q
040 _aTR-BiSEU
_btur
_cTR-BiSEU
_erda
041 0 _atur
044 _ctu
050 _aN7740
_b.G53 2013
100 1 _aGibson, Clare.
245 1 _aSemboller nasıl okunur :
_bresimli sembol okuma rehberi/
_cClare Gibson ; Clare Gibson ; çeviren Cem Alpan ; redaksiyon Volkan Atmaca ; yayın yönetmeni Gülçin İpek ; kitap editörü Bahar Demirhan..
250 _a2. Baskı
264 1 _aİstanbul :
_bYapı Endüstri Merkezi Yayınları
_c2013
300 _a256 sayfa :
_bresimli ;
_c17 cm.
336 _ametin
_btxt
_2rdacontent
337 _aaracısız
_bn
_2rdamedia
338 _acilt
_bnc
_2rdacarrier
490 1 _aYapı-Endüstri Merkezi yayın ;
_v200
500 _aDizin var.
500 _aKaynakça var.
650 0 _aSymbolism in art.
_940966
830 1 _aYapı-Endüstri Merkezi yayın ;
_v200
_999430
942 _2lcc
_cBK
999 _c52983
_d52983